[Event "?"]
[Site "ICC 3 0 03/10/98, Internet Ch"]
[Date "1998.??.??"]
[Round "?"]
[White "Brause"]
[Black "KnightC"]
[Result "1-0"]
[WhiteElo "2595"]
[BlackElo "2430"]
[PlyCount "91"]

1. e4 e5 2. Nf3 Nc6 3. Nc3 Nf6 4. Nxe5 Nxe5 5. d4 Ng6 6. e5 Ng8 7. Bc4 d6 8.
Qf3 Qd7 9. O-O dxe5 10. dxe5 Bb4 11. Rd1 Qe7 12. Bxf7+ Qxf7 13. Rd8+ Ke7 14.
Bg5+ Nf6 15. exf6+ Kxd8 16. fxg7+ Ke8 17. Re1+ Be7 18. gxh8=Q+ Nxh8 19. Nd5
Qxf3 20. Rxe7+ Kd8 21. Rxh7+ Ke8 22. Re7+ Kd8 23. gxf3 Ng6 24. Rh7+ Ne7 25.
Rxe7 Bh3 26. Rxc7+ Ke8 27. Rxb7 Rc8 28. Nf6+ Kd8 29. Ne4+ Ke8 30. Nd6+ Kf8 31.
Bh6+ Kg8 32. Rg7+ Kf8 33. Rxa7+ Kg8 34. Rg7+ Kf8 35. Rc7+ Kg8 36. Nxc8 Bxc8 37.
Rxc8+ Kf7 38. a4 Ke6 39. a5 Kd7 40. Rc3 Kd6 41. a6 Ke6 42. a7 Kf5 43. a8=Q Ke6
44. Qe8+ Kf5 45. Rc4 Kf6 46. Rf4# 1-0

[Event "?"]
[Site "ICC 3 0 03/10/98, Internet Ch"]
[Date "1998.??.??"]
[Round "?"]
[White "Brause"]
[Black "KnightC"]
[Result "0-1"]
[WhiteElo "2600"]
[BlackElo "2420"]
[PlyCount "172"]

1. e4 e5 2. Nf3 Nc6 3. Nc3 Nf6 4. Nxe5 Nxe5 5. d4 Ng6 6. e5 Ng8 7. Bc4 d6 8.
Qf3 Be6 9. Bxe6 fxe6 10. Qxb7 Rb8 11. Qxa7 dxe5 12. dxe5 Bb4 13. Bg5 Qc8 14.
Qd4 N8e7 15. Bxe7 Bxe7 16. b3 O-O 17. O-O Rf5 18. Rfd1 Nxe5 19. Ne4 Rb4 20. c4
c5 21. Qc3 Qb8 22. Qh3 Ng6 23. Re1 Rb6 24. Rad1 Qa8 25. Rd2 Re5 26. Qf3 Ra6 27.
a4 Ra5 28. Rd7 Qc6 29. Rd2 Ra6 30. Qg4 Rb6 31. Re3 Rf5 32. Rd1 Rf4 33. Qe2 Ne5
34. Re1 Ng4 35. Rg3 Nh6 36. Rd3 Nf7 37. Qe3 Ne5 38. Rd2 Rh4 39. f3 Ng6 40. Red1
Rh5 41. Rd7 Rb7 42. Rd8+ Nf8 43. R8d2 Qc7 44. Nd6 Rb6 45. Ne4 Qxh2+ 46. Kf1 Qe5
47. f4 Rf5 48. Rf2 Qb8 49. Rd3 Ng6 50. a5 Ra6 51. g4 Rxf4 52. Nxc5 Rxf2+ 53.
Qxf2 Rxa5 54. Na4 Ne5 55. Rh3 Nxg4 56. Qd4 Qf8+ 57. Kg2 Qa8+ 58. Kf1 Rf5+ 59.
Kg1 Nf2 60. Qxf2 Rxf2 61. Kxf2 h6 62. Re3 Bh4+ 63. Kg1 Qf8 64. Re2 Qf3 65. Rb2
Bf6 66. b4 Bd4+ 67. Kh2 Qf4+ 68. Kg2 Bxb2 69. Nxb2 Qd2+ 70. Kg3 Qxb2 71. b5
Qb3+ 72. Kh2 Qxc4 73. b6 Kf7 74. Kg3 Qb3+ 75. Kg2 Qxb6 76. Kf3 Kf6 77. Kg2 Qe3
78. Kh2 Qf2+ 79. Kh1 Qf3+ 80. Kh2 e5 81. Kg1 e4 82. Kh2 e3 83. Kg1 e2 84. Kh2
Kg6 85. Kg1 e1=Q+ 86. Kh2 Qef2# 0-1

[Event "?"]
[Site "ICC 3 0 03/10/98, Internet Ch"]
[Date "1998.??.??"]
[Round "?"]
[White "Brause"]
[Black "KnightC"]
[Result "1-0"]
[WhiteElo "2565"]
[BlackElo "2445"]
[PlyCount "111"]

1. e4 e5 2. Nf3 Nc6 3. Nc3 Nf6 4. Nxe5 Nxe5 5. d4 Ng6 6. e5 Ng8 7. Bc4 d6 8.
Qf3 Qd7 9. O-O dxe5 10. dxe5 Bb4 11. Rd1 Qe7 12. Bxf7+ Qxf7 13. Rd8+ Ke7 14.
Bg5+ Nf6 15. exf6+ Kxd8 16. fxg7+ Ke8 17. Re1+ Be7 18. gxh8=Q+ Nxh8 19. Nd5
Qxf3 20. Rxe7+ Kd8 21. Rxh7+ Ke8 22. Re7+ Kd8 23. gxf3 Ng6 24. Rh7+ Ke8 25.
Nxc7+ Kf8 26. Nd5 Ke8 27. Nf6+ Kd8 28. Ne4+ Ne7 29. Rxe7 Bd7 30. Nc5 Bc8 31.
Rh7+ Ke8 32. Ne4 Be6 33. Nf6+ Kd8 34. Rh8+ Kc7 35. Rxa8 a6 36. b3 Bf5 37. Nd5+
Kd6 38. Rd8+ Ke6 39. Ne3 Bg6 40. Rb8 Bh5 41. Rxb7 Bxf3 42. Rb6+ Kd7 43. Rxa6
Kc7 44. Rf6 Bc6 45. h4 Ba8 46. h5 Be4 47. h6 Kd7 48. f3 Bh7 49. Rf7+ Kd6 50.
Rxh7 Kc6 51. Re7 Kb5 52. h7 Kc6 53. h8=Q Kd6 54. Qe5+ Kc6 55. Qa5 Kd6 56. Qd5#
1-0

[Event "?"]
[Site "ICC 3 0 04/10/98, Internet Ch"]
[Date "1998.??.??"]
[Round "?"]
[White "Brause"]
[Black "DX-123kid"]
[Result "1-0"]
[WhiteElo "2620"]
[BlackElo "2520"]
[PlyCount "31"]

1. e4 e5 2. Nf3 Nc6 3. Nc3 Nf6 4. Nxe5 Nxe5 5. d4 Nc6 6. d5 Nb8 7. e5 Ng8 8. d6
cxd6 9. exd6 Qb6 10. Nb5 Na6 11. Qe2+ Kd8 12. Be3 Qa5+ 13. c3 Nf6 14. Qc4 b6
15. Qxf7 Bb7 16. Bg5 1-0

[Event "?"]
[Site "ICC 3 0 04/10/98, Internet Ch"]
[Date "1998.??.??"]
[Round "?"]
[White "Brause"]
[Black "newage-outlaw"]
[Result "1-0"]
[WhiteElo "2645"]
[BlackElo "2640"]
[PlyCount "23"]

1. e4 e5 2. Nf3 Nc6 3. Nc3 Nf6 4. Nxe5 Nxe5 5. d4 Ng6 6. e5 Ng8 7. Bc4 d6 8.
Qf3 Qd7 9. O-O dxe5 10. dxe5 Nxe5 11. Re1 Qe7 12. Rxe5 1-0

[Event "?"]
[Site "ICC 3 0 03/12/98, Internet Ch"]
[Date "1998.??.??"]
[Round "?"]
[White "Jakob, Steffen"]
[Black "AlexB"]
[Result "1-0"]
[WhiteElo "1950"]
[BlackElo "1730"]
[PlyCount "37"]

1. e4 e5 2. Nf3 Nc6 3. Nc3 Nf6 4. Nxe5 Nxe5 5. d4 Ng6 6. e5 Qe7 7. Be2 Nxe5 8.
dxe5 Qxe5 9. O-O Bd6 10. f4 Qc5+ 11. Kh1 O-O 12. Qd3 c6 13. Be3 Qb4 14. f5 Bc7
15. Bd4 Qe7 16. Rae1 Re8 17. Bf3 d5 18. Rxe7 Rxe7 19. Bxf6 1-0

[Event "?"]
[Site "ICC 3 0 04/03/98, Internet Ch"]
[Date "1998.??.??"]
[Round "?"]
[White "Brause"]
[Black "babulina"]
[Result "1/2-1/2"]
[WhiteElo "2540"]
[BlackElo "2180"]
[PlyCount "63"]

1. e4 e5 2. Nf3 Nc6 3. Nc3 Nf6 4. Nxe5 Nxe5 5. d4 Ng6 6. e5 Bb4 7. exf6 Qxf6 8.
Bc4 O-O 9. O-O Bxc3 10. bxc3 d6 11. Rb1 b6 12. Qh5 Be6 13. Bb3 a5 14. Re1 Rfe8
15. Bd2 h6 16. Ba4 Re7 17. Bc6 Rf8 18. Rb2 Bc8 19. Be3 Bd7 20. Bxd7 Rxd7 21.
Rb5 Re7 22. Kh1 Rfe8 23. Qd5 Qe6 24. Qxe6 Rxe6 25. Rf5 Ne7 26. Rb5 Nc8 27. Rh5
c6 28. c4 Ne7 29. Rb1 Nc8 30. Re1 Ne7 31. Rb1 Nc8 32. Re1 1/2-1/2

[Event "?"]
[Site "ICC 3 2 04/10/98, Internet Ch"]
[Date "1998.??.??"]
[Round "?"]
[White "Brause"]
[Black "Dorobanov"]
[Result "0-1"]
[WhiteElo "2660"]
[BlackElo "2405"]
[PlyCount "143"]

1. e4 e5 2. Nf3 Nc6 3. Nc3 Nf6 4. Nxe5 Nxe5 5. d4 Ng6 6. e5 Ng8 7. Bc4 d5 8.
Bxd5 c6 9. Be4 f5 10. Bf3 Be6 11. O-O Bb4 12. d5 Bxc3 13. dxe6 Qxd1 14. Rxd1
Bxe5 15. Rd7 N8e7 16. Bg5 b6 17. c3 Bf6 18. Bxf6 gxf6 19. Rad1 O-O 20. R1d6
Rfe8 21. Bh5 Kg7 22. Bxg6 Kxg6 23. c4 c5 24. Rc7 f4 25. Rd1 Nf5 26. Re1 Re7 27.
Rxe7 Nxe7 28. a3 Kf5 29. g3 fxg3 30. hxg3 Re8 31. f3 h5 32. Kg2 Ng6 33. Rh1
Kxe6 34. Rxh5 Ne5 35. b3 Rd8 36. f4 Nf7 37. Rh1 Rd2+ 38. Kh3 Rb2 39. Re1+ Kd7
40. Re3 Nd6 41. g4 Ra2 42. g5 fxg5 43. fxg5 Ra1 44. a4 Rg1 45. Rg3 Rxg3+ 46.
Kxg3 Ke6 47. Kh4 Ke5 48. Kg4 Ne8 49. a5 bxa5 50. Kh5 Kf5 51. Kh6 Nd6 52. g6 Ne8
53. Kh5 Kf6 54. Kg4 Kxg6 55. Kf4 Kf6 56. Ke4 Ke6 57. Kd3 Ke5 58. Ke3 Nd6 59.
Kd3 Kf4 60. Kd2 Ke4 61. Kc3 Ke3 62. Kc2 Kd4 63. Kd2 a6 64. Kc2 Ke3 65. Kc3 Nb7
66. Kb2 Kd3 67. Ka3 Nd6 68. Ka4 Nxc4 69. bxc4 Kxc4 70. Kxa5 Kb3 71. Kxa6 c4 72.
Kb6 0-1

[Event "?"]
[Site "ICC 3 2 04/10/98, Internet Ch"]
[Date "1998.??.??"]
[Round "?"]
[White "Brause"]
[Black "Dorobanov"]
[Result "1-0"]
[WhiteElo "2635"]
[BlackElo "2430"]
[PlyCount "94"]

1. e4 e5 2. Nf3 Nc6 3. Nc3 Nf6 4. Nxe5 Nxe5 5. d4 Ng6 6. e5 Ng8 7. Bc4 d5 8.
Bxd5 c6 9. Be4 f5 10. exf6 Nxf6 11. Bg5 Bb4 12. O-O Bxc3 13. bxc3 O-O 14. Bxg6
hxg6 15. Re1 Re8 16. Qd2 Be6 17. Qf4 Kf7 18. Re5 Bf5 19. Qh4 Qd6 20. Rae1 Re6
21. Rxe6 Bxe6 22. Bxf6 gxf6 23. Qh7+ Kf8 24. Qxb7 Re8 25. Qxa7 Bf7 26. Rxe8+
Bxe8 27. f3 Qd7 28. Qxd7 Bxd7 29. a4 Bc8 30. c4 Ba6 31. c5 Ke7 32. h4 Ke6 33.
g4 f5 34. Kf2 f4 35. c3 Kf6 36. Ke1 Ke6 37. a5 Kd5 38. Kd2 Bc4 39. Kc1 Ke6 40.
Kd1 Kd7 41. Kd2 Kc7 42. h5 gxh5 43. gxh5 Kb7 44. h6 Bg8 45. c4 Ka6 46. d5 cxd5
47. cxd5 Kxa5 1-0

[Event "?"]
[Site "ICC 3 2 04/10/98, Internet Ch"]
[Date "1998.??.??"]
[Round "?"]
[White "Brause"]
[Black "Dorobanov"]
[Result "0-1"]
[WhiteElo "2645"]
[BlackElo "2425"]
[PlyCount "135"]

1. e4 e5 2. Nf3 Nc6 3. Nc3 Nf6 4. Nxe5 Nxe5 5. d4 Ng6 6. e5 Ng8 7. Bc4 d5 8.
Bxd5 c6 9. Be4 f5 10. exf6 Nxf6 11. Bg5 Bb4 12. O-O Bxc3 13. bxc3 O-O 14. Bxg6
hxg6 15. Re1 Qd6 16. f3 Bd7 17. Qb1 b5 18. a4 a6 19. Qb2 Rae8 20. axb5 cxb5 21.
c4 Rxe1+ 22. Rxe1 bxc4 23. c3 Re8 24. Rxe8+ Bxe8 25. Qa2 Qe6 26. Kf2 Bb5 27. h4
Kh7 28. Qc2 Qf5 29. Qxf5 gxf5 30. Ke1 Kg6 31. Kd2 Nd5 32. Kc2 f4 33. Kd2 Kf5
34. Bd8 g6 35. Ba5 Ke6 36. Ke2 Nf6 37. Bc7 Nh5 38. Kd2 Kd5 39. Kd1 Bd7 40. Ke1
Bf5 41. Kf2 Kc6 42. Bd8 Kb5 43. Be7 a5 44. Ke1 a4 45. Kd2 Ng7 46. Bf8 Nh5 47.
Be7 Kc6 48. Ke1 Kd5 49. Kf2 Ng7 50. Ba3 Ne6 51. Ke1 Nc7 52. Kf2 Nb5 53. Bb2 a3
54. Ba1 a2 55. g4 fxg3+ 56. Kxg3 Na3 57. Kf4 Bd3 58. Kg5 Nc2 59. Bb2 a1=Q 60.
Bxa1 Nxa1 61. f4 Nb3 62. f5 Bxf5 63. Kf4 Nxd4 64. Ke3 Nb5 65. Kd2 Ke5 66. Kd1
Nxc3+ 67. Kc1 Kd4 68. Kd2 0-1

[Event "?"]
[Site "ICC 3 0 04/21/98, Internet Ch"]
[Date "1998.??.??"]
[Round "?"]
[White "Brause"]
[Black "KillerGrob"]
[Result "0-1"]
[WhiteElo "2570"]
[BlackElo "2775"]
[PlyCount "131"]

1. e4 e5 2. Nf3 Nc6 3. Nc3 Nf6 4. Nxe5 Nxe5 5. d4 Ng6 6. e5 Ng8 7. Bc4 Bb4 8.
Qf3 Bxc3+ 9. bxc3 f5 10. h4 d5 11. Qxd5 Qxd5 12. Bxd5 N6e7 13. Bc4 Bd7 14. O-O
Bc6 15. Bg5 h6 16. Bd2 O-O-O 17. h5 Bd5 18. Bb3 Nc6 19. Rfe1 Na5 20. Bxd5 Rxd5
21. Rab1 Ne7 22. Bc1 Re8 23. Kh2 c5 24. Ba3 cxd4 25. cxd4 Rxd4 26. Bc5 Ra4 27.
Bxa7 Nec6 28. Bb6 Rxe5 29. Rxe5 Nxe5 30. Ra1 Nd7 31. Be3 Nf6 32. Bb6 Nc6 33.
Bc5 Nxh5 34. Bf8 Rh4+ 35. Kg1 Rc4 36. Rc1 Nd4 37. Kf1 Rxc2 38. Rxc2+ Nxc2 39.
Kg1 Kd7 40. g3 f4 41. Kg2 Nd4 42. g4 f3+ 43. Kh3 Nf4+ 44. Kg3 Nfe2+ 45. Kh2 Ne6
46. Bb4 Nc1 47. Ba3 Nxa2 48. Kg3 b5 49. Kxf3 b4 50. Bb2 Nc3 51. Ba1 Kc6 52. Ke3
Kb5 53. Kd3 Nc5+ 54. Kc2 Kc4 55. f4 Nd3 56. f5 Nf2 57. g5 b3+ 58. Kd2 Nfe4+ 59.
Ke3 Nxg5 60. Kf4 Nge4 61. Ke5 Nf6 62. Kf4 Nd1 63. Kf3 b2 64. Bxb2 Nxb2 65. Kg2
Kd4 66. Kh3 0-1

[Event "?"]
[Site "ICC 3 3 04/10/98, Internet Ch"]
[Date "1998.??.??"]
[Round "?"]
[White "Brause"]
[Black "Dorobanov"]
[Result "1-0"]
[WhiteElo "2650"]
[BlackElo "2420"]
[PlyCount "69"]

1. e4 e5 2. Nf3 Nc6 3. Nc3 Nf6 4. Nxe5 Nxe5 5. d4 Ng6 6. e5 Ng8 7. Bc4 d5 8.
Bxd5 c6 9. Be4 f5 10. Bf3 Be6 11. O-O Bb4 12. Ne2 N8e7 13. Bg5 h6 14. Bxe7 Nxe7
15. Bh5+ g6 16. a3 Ba5 17. Nf4 Kf7 18. Nxe6 Kxe6 19. Bf3 Qd7 20. Qd3 Rhe8 21.
Qe3 g5 22. c4 Rad8 23. Rad1 Kf7 24. d5 Kg6 25. dxc6 Qc7 26. cxb7 Bb6 27. Qe2
Rxd1 28. Bh5+ Kg7 29. Rxd1 Rd8 30. Rxd8 Qxd8 31. c5 Bxc5 32. Qc4 g4 33. Qf7+
Kh8 34. Qf6+ Kh7 35. Bg6+ 1-0

[Event "?"]
[Site "ICC 3 5 03/10/98, Internet Ch"]
[Date "1998.??.??"]
[Round "?"]
[White "Brause"]
[Black "DoctorWho"]
[Result "1-0"]
[WhiteElo "2570"]
[BlackElo "2340"]
[PlyCount "79"]

1. e4 e5 2. Nf3 Nc6 3. Nc3 Nf6 4. Nxe5 Nxe5 5. d4 Nc6 6. d5 Ne5 7. f4 Ng6 8. e5
Ng8 9. d6 cxd6 10. exd6 Qa5 11. h4 Nf6 12. h5 Ne5 13. fxe5 Qxe5+ 14. Be2 Bxd6
15. Rh3 Bc5 16. h6 g5 17. Qd3 g4 18. Rh1 b6 19. Rf1 Bb7 20. Rf5 Qe6 21. Bf4 O-O
22. Re5 Qc6 23. Qf5 Bf2+ 24. Kxf2 Kh8 25. Ke1 a6 26. Re7 Rg8 27. Nd5 Raf8 28.
Nxf6 Rg6 29. Nxd7 Rxh6 30. Nxf8 Rh1+ 31. Kd2 Qd5+ 32. Qxd5 Bxd5 33. Be5+ f6 34.
Bxf6+ Kg8 35. Nd7 Bf7 36. Bc4 Rd1+ 37. Rxd1 h5 38. Re8+ Kh7 39. Rh8+ Kg6 40.
Bd3# 1-0

[Event "?"]
[Site "ICC 3 0 04/14/98, Internet Ch"]
[Date "1998.??.??"]
[Round "?"]
[White "Brause"]
[Black "BACALAO59"]
[Result "1-0"]
[WhiteElo "2590"]
[BlackElo "2440"]
[PlyCount "42"]

1. e4 e5 2. Nf3 Nc6 3. Nc3 Nf6 4. Nxe5 Nxe5 5. d4 Nc6 6. d5 Ne5 7. f4 Ng6 8. e5
Ng8 9. d6 cxd6 10. exd6 Qf6 11. Nb5 Rb8 12. Be3 b6 13. Qe2 Kd8 14. O-O-O Ba6
15. Re1 Bxb5 16. Bxb6+ Kc8 17. Qxb5 Qxf4+ 18. Kb1 axb6 19. Re8+ Kb7 20. Qxd7+
Ka8 21. Ba6 Qe4 1-0

[Event "?"]
[Site "ICC 3 5 03/11/98, Internet Ch"]
[Date "1998.??.??"]
[Round "?"]
[White "Brause"]
[Black "DoctorWho"]
[Result "1-0"]
[WhiteElo "2515"]
[BlackElo "2365"]
[PlyCount "131"]

1. e4 e5 2. Nf3 Nc6 3. Nc3 Nf6 4. Nxe5 Nxe5 5. d4 Nc6 6. d5 Ne5 7. f4 Ng6 8. e5
Ng8 9. d6 cxd6 10. exd6 Qa5 11. Bc4 f5 12. h4 Nf6 13. h5 Ne5 14. fxe5 Qxe5+ 15.
Qe2 Bxd6 16. Bf4 Qxe2+ 17. Nxe2 Bxf4 18. Nxf4 b6 19. Nd5 Nxd5 20. Bxd5 Rb8 21.
O-O-O Ke7 22. Rhe1+ Kd8 23. Re5 Rf8 24. Rde1 h6 25. Re7 b5 26. Rxg7 Rb6 27. Re5
b4 28. Bc4 Rff6 29. Ree7 f4 30. Bd5 Rb5 31. Bf3 a5 32. Bg4 Rd5 33. Bf3 Rdf5 34.
Rh7 Rd6 35. Rhf7 Rg5 36. Re1 Kc7 37. Rxf4 Bb7 38. Bxb7 Kxb7 39. g4 Kc6 40. Rfe4
Kd5 41. c4+ bxc3 42. bxc3 Re6 43. Rd4+ Kc6 44. Rxe6+ dxe6 45. Kc2 Rg7 46. Ra4
Rg5 47. Rf4 Kd5 48. Kd2 e5 49. Ra4 Ke6 50. Kc2 Rg7 51. Rxa5 Rxg4 52. Ra6+ Kf5
53. Rg6 Rh4 54. Rxh6 Rh2+ 55. Kd3 e4+ 56. Ke3 Ke5 57. a4 Rh3+ 58. Kd2 Rh2+ 59.
Ke1 Rh3 60. a5 Rxc3 61. a6 Rc7 62. Rb6 Ra7 63. h6 Kd5 64. Rb5+ Kd4 65. Rh5 Rh7
66. a7 1-0

[Event "?"]
[Site "ICC 3 0 02/18/98, Internet Ch"]
[Date "1998.??.??"]
[Round "?"]
[White "Brause"]
[Black "SuperChicken"]
[Result "1-0"]
[WhiteElo "2460"]
[BlackElo "2135"]
[PlyCount "87"]

1. e4 e5 2. Nf3 Nc6 3. Nc3 Nf6 4. Nxe5 Nxe5 5. d4 Ng6 6. e5 Ng8 7. Bc4 d5 8.
Bxd5 c6 9. Bb3 Bb4 10. O-O N8e7 11. Ne4 O-O 12. c3 Bf5 13. Bxf7+ Kxf7 14. Ng5+
Kg8 15. cxb4 Qb6 16. g4 Bc8 17. a3 h6 18. Ne4 Nf4 19. Be3 Nfd5 20. Bc1 Be6 21.
Nc5 Nc7 22. g5 hxg5 23. Bxg5 Ned5 24. Qh5 Bf7 25. Qg4 Rfe8 26. Kh1 Be6 27. Qh4
a5 28. bxa5 Rxa5 29. b4 Raa8 30. Rg1 Nc3 31. f3 Ne2 32. Rg2 Bd5 33. Qg4 Qb5 34.
Bf6 Ng3+ 35. Qxg3 Re7 36. Bxe7 Ne8 37. Qf4 Rb8 38. Qf8+ Kh7 39. Rg3 Bxf3+ 40.
Rxf3 Qd3 41. Rxd3 Nf6 42. Rh3+ Kg6 43. Rg1+ Kf5 44. Rf3# 1-0

[Event "?"]
[Site "ICC 3 2 01/28/98, Internet Ch"]
[Date "1998.??.??"]
[Round "?"]
[White "Brause"]
[Black "woohaman"]
[Result "1-0"]
[WhiteElo "2590"]
[BlackElo "2045"]
[PlyCount "58"]

1. e4 e5 2. Nf3 Nc6 3. Nc3 Nf6 4. Nxe5 Nxe5 5. d4 Ng6 6. e5 Ng8 7. Bc4 d5 8.
Bxd5 c6 9. Bb3 Bb4 10. O-O N8e7 11. Ne4 O-O 12. c3 Ba5 13. Qh5 Nd5 14. Bg5 Qb6
15. Nd6 Be6 16. Bxd5 Bxd5 17. b4 Bxb4 18. Rfb1 c5 19. a3 cxd4 20. Rxb4 Qc6 21.
cxd4 Bxg2 22. Rc1 Qf3 23. Qxf3 Bxf3 24. Rc3 Bd5 25. Rc5 Bf3 26. Nxb7 Rab8 27.
Nd6 Rxb4 28. axb4 Rb8 29. Bd2 h6 1-0

[Event "?"]
[Site "ICC 3 2 01/28/98, Internet Ch"]
[Date "1998.??.??"]
[Round "?"]
[White "Brause"]
[Black "woohaman"]
[Result "1-0"]
[WhiteElo "2590"]
[BlackElo "2045"]
[PlyCount "23"]

1. e4 e5 2. Nf3 Nc6 3. Nc3 Nf6 4. Nxe5 Nxe5 5. d4 Neg4 6. e5 d5 7. exf6 Qxf6 8.
Qe2+ Be6 9. f3 Nh6 10. Qb5+ Bd7 11. Qxb7 Bc6 12. Bb5 1-0

[Event "?"]
[Site "ICC 4 3 04/21/98, Internet Ch"]
[Date "1998.??.??"]
[Round "?"]
[White "Brause"]
[Black "BuffaloJim"]
[Result "1/2-1/2"]
[WhiteElo "2580"]
[BlackElo "2460"]
[PlyCount "103"]

1. e4 e5 2. Nf3 Nc6 3. Nc3 Nf6 4. Nxe5 Nxe5 5. d4 Ng6 6. e5 Ng8 7. Bc4 c6 8.
Qf3 d5 9. exd6 Be6 10. Bxe6 fxe6 11. Ne4 Bxd6 12. Qb3 Nf6 13. Qxb7 O-O 14. Qxc6
Rc8 15. Qxd6 Nxe4 16. Qxe6+ Kh8 17. O-O Qxd4 18. Be3 Qa4 19. b3 Qc6 20. Qxc6
Rxc6 21. c4 a5 22. Rfe1 a4 23. Bd4 Nd2 24. Re2 Nxb3 25. axb3 axb3 26. Ra7 Rxc4
27. Bxg7+ Kg8 28. Bb2 Rd8 29. Re1 Rc2 30. Bf6 b2 31. Rg7+ Kf8 32. Bxb2 Rxb2 33.
Rxh7 Rdd2 34. Rf1 Ne5 35. h4 Ng4 36. Rc7 Rxf2 37. Rxf2+ Nxf2 38. Rc4 Nd3 39. g4
Ne5 40. Rf4+ Kg7 41. h5 Nxg4 42. Rxg4+ Kh6 43. Rh4 Rb5 44. Kf2 Rxh5 45. Rg4 Rg5
46. Re4 Rf5+ 47. Ke3 Kg6 48. Kd4 Kf6 49. Re8 Ra5 50. Re3 Ra4+ 51. Kd5 Ra5+ 52.
Kd6 1/2-1/2

[Event "?"]
[Site "ICC 4 3 04/22/98, Internet Ch"]
[Date "1998.??.??"]
[Round "?"]
[White "Brause"]
[Black "BuffaloJim"]
[Result "1-0"]
[WhiteElo "2530"]
[BlackElo "2475"]
[PlyCount "29"]

1. e4 e5 2. Nf3 Nc6 3. Nc3 Nf6 4. Nxe5 Nxe5 5. d4 Ng6 6. e5 Ng8 7. Bc4 c6 8.
Qf3 d5 9. exd6 Qf6 10. Qe2+ Kd8 11. Ne4 Qxd4 12. Bxf7 Nh6 13. Bg5+ Kd7 14. Rd1
Qe5 15. Nc5+ 1-0

[Event "?"]
[Site "ICC 4 3 04/22/98, Internet Ch"]
[Date "1998.??.??"]
[Round "?"]
[White "Brause"]
[Black "BuffaloJim"]
[Result "1/2-1/2"]
[WhiteElo "2540"]
[BlackElo "2460"]
[PlyCount "127"]

1. e4 e5 2. Nf3 Nc6 3. Nc3 Nf6 4. Nxe5 Nxe5 5. d4 Ng6 6. e5 Ng8 7. Bc4 c6 8.
Qf3 d5 9. exd6 Be6 10. Bxe6 fxe6 11. Ne4 Nf6 12. Bg5 Qa5+ 13. b4 Qxb4+ 14. c3
Qb5 15. Bxf6 gxf6 16. Qxf6 Qf5 17. f3 Qxf6 18. Nxf6+ Kf7 19. Ne4 Rd8 20. Rb1 b6
21. a4 Bxd6 22. O-O Bc7 23. a5 h6 24. axb6 axb6 25. Rfe1 Ra8 26. Rb2 Ra5 27. g3
Rha8 28. Rbe2 Ra1 29. Rxa1 Rxa1+ 30. Kf2 Ne7 31. f4 Nd5 32. c4 Nf6 33. Nxf6
Kxf6 34. Rc2 Ra3 35. d5 exd5 36. cxd5 c5 37. Re2 b5 38. Re6+ Kf7 39. Rxh6 Ba5
40. h4 c4 41. h5 Rd3 42. g4 Rxd5 43. Ra6 Bb4 44. g5 Bc5+ 45. Kf3 c3 46. h6 c2
47. g6+ Ke7 48. Ra1 Rd1 49. h7 Rxa1 50. h8=Q c1=Q 51. Qe5+ Kd7 52. Kg4 Qd1+ 53.
Kg5 Be7+ 54. Kh6 Qh1+ 55. Kg7 Ra8 56. Qxb5+ Qc6 57. Qxc6+ Kxc6 58. Kf7 Bf8 59.
f5 Kd6 60. f6 Bh6 61. g7 Ra7+ 62. Kg6 Bxg7 63. fxg7 Rxg7+ 64. Kxg7 1/2-1/2

[Event "?"]
[Site "ICC 4 3 04/14/98, Internet Ch"]
[Date "1998.??.??"]
[Round "?"]
[White "Brause"]
[Black "BuffaloJim"]
[Result "1-0"]
[WhiteElo "2710"]
[BlackElo "2450"]
[PlyCount "101"]

1. e4 e5 2. Nf3 Nc6 3. Nc3 Nf6 4. Nxe5 Nxe5 5. d4 Ng6 6. e5 Ng8 7. Bc4 c6 8.
Qf3 d5 9. exd6 Nf6 10. Qe2+ Kd7 11. Bxf7 Bxd6 12. O-O Kc7 13. Bg5 Qe7 14. Qc4
Kb8 15. Rfe1 Qc7 16. Bxf6 gxf6 17. g3 Bh3 18. Ne4 Be7 19. Be6 Bxe6 20. Qxe6 Qc8
21. Nxf6 Qxe6 22. Rxe6 Kc7 23. Nxh7 Rxh7 24. Rxg6 Rah8 25. h4 Bxh4 26. gxh4
Rxh4 27. Kg2 Rh2+ 28. Kg3 R8h3+ 29. Kg4 Rh4+ 30. Kf3 Rxd4 31. Rg7+ Kb6 32. Re1
Rd6 33. Kg3 Rhh6 34. f4 Rhg6+ 35. Rxg6 Rxg6+ 36. Kf3 a5 37. f5 Rg8 38. f6 Kc5
39. Kf4 Kd6 40. Kf5 Rg2 41. f7 Rf2+ 42. Kg6 Rg2+ 43. Kh7 Rh2+ 44. Kg8 Rg2+ 45.
Kf8 Kd7 46. Re7+ Kd8 47. Rxb7 Rxc2 48. Kg7 Rg2+ 49. Kf6 Rf2+ 50. Ke6 Re2+ 51.
Kd6 1-0

[Event "?"]
[Site "ICC 4 3 04/09/98, Internet Ch"]
[Date "1998.??.??"]
[Round "?"]
[White "Brause"]
[Black "BuffaloJim"]
[Result "1/2-1/2"]
[WhiteElo "2590"]
[BlackElo "2450"]
[PlyCount "117"]

1. e4 e5 2. Nf3 Nc6 3. Nc3 Nf6 4. Nxe5 Nxe5 5. d4 Ng6 6. e5 Ng8 7. Bc4 c6 8.
Qf3 d5 9. exd6 Nf6 10. Qe2+ Kd7 11. Nb5 Bxd6 12. Nxd6 Kxd6 13. O-O Re8 14. Be3
Ke7 15. d5 Kf8 16. dxc6 bxc6 17. Rad1 Qc7 18. Rfe1 Kg8 19. f3 Be6 20. Kh1 Nd5
21. Bxd5 Bxd5 22. c4 Be6 23. Bd4 f6 24. Bc5 Bf7 25. Be3 a5 26. Qc2 Ne5 27. b3
Rad8 28. Rxd8 Qxd8 29. Rd1 Qe7 30. Re1 Bg6 31. Qd2 Nd3 32. Re2 Qb4 33. Bg1 Qxd2
34. Rxd2 Re1 35. h4 Rb1 36. h5 Bf5 37. g4 Ne1 38. gxf5 Nxf3 39. Rg2 Kf7 40. Rg3
Rxg1+ 41. Rxg1 Nxg1 42. Kxg1 c5 43. Kf2 g6 44. fxg6+ hxg6 45. h6 Kg8 46. a3 Kh7
47. b4 axb4 48. axb4 cxb4 49. Ke3 g5 50. c5 g4 51. c6 b3 52. c7 b2 53. c8=Q
b1=Q 54. Qxg4 Kxh6 55. Qh3+ Kg6 56. Qg4+ Kh6 57. Qh3+ Kg7 58. Qd7+ Kh6 59. Qh3+
1/2-1/2

[Event "?"]
[Site "ICC 44 0 02/25/98, Internet C"]
[Date "1998.??.??"]
[Round "?"]
[White "Brause"]
[Black "BeHappy"]
[Result "1-0"]
[WhiteElo "2350"]
[BlackElo "2155"]
[PlyCount "47"]

1. Nc3 Nf6 2. e4 e5 3. Nf3 Nc6 4. Nxe5 Nxe5 5. d4 Ng6 6. e5 Ng8 7. Bc4 d6 8.
Qf3 Qd7 9. O-O dxe5 10. dxe5 Nxe5 11. Re1 Bd6 12. Bf4 f6 13. Bb5 c6 14. Rad1
Qe6 15. Qg3 Kf8 16. Bxe5 Bxe5 17. f4 cxb5 18. fxe5 Qb6+ 19. Re3 Bf5 20. Rd6 Qc5
21. Rd5 Qc8 22. Qf4 Ne7 23. exf6 g6 24. Qh6+ 1-0

[Event "?"]
[Site "ICC 5 0 01/10/98, Internet Ch"]
[Date "1998.??.??"]
[Round "?"]
[White "evbad"]
[Black "Smudge"]
[Result "1-0"]
[WhiteElo "2340"]
[BlackElo "2280"]
[PlyCount "83"]

1. e4 e5 2. Nf3 Nc6 3. Nc3 Nf6 4. Nxe5 Nxe5 5. d4 Ng6 6. e5 Ng8 7. Bc4 d5 8.
Bxd5 Bb4 9. Be4 N8e7 10. O-O O-O 11. Ne2 c5 12. c3 Ba5 13. f4 cxd4 14. cxd4 Bf5
15. Bxf5 Nxf5 16. g4 Nfe7 17. f5 Nh4 18. Bg5 f6 19. Bxh4 Qb6 20. Qb3+ Qxb3 21.
axb3 Bb6 22. exf6 gxf6 23. Rfd1 Kf7 24. Nf4 Rg8 25. h3 Nxf5 26. Bf2 Rad8 27. d5
Ne3 28. Rd3 Nxg4 29. hxg4 Rxg4+ 30. Ng2 Rdg8 31. Bxb6 Rxg2+ 32. Kh1 axb6 33.
Rad1 Ke7 34. d6+ Kd7 35. Re1 R2g7 36. Rf1 Rf7 37. Rf4 f5 38. Rb4 Rg6 39. Rxb6
f4 40. Rxb7+ Ke6 41. Rxf7 Kxf7 42. d7 1-0

[Event "?"]
[Site "ICC 5 0 01/20/98, Internet Ch"]
[Date "1998.??.??"]
[Round "?"]
[White "Brause"]
[Black "brit"]
[Result "1-0"]
[WhiteElo "2545"]
[BlackElo "1945"]
[PlyCount "71"]

1. Nc3 Nf6 2. e4 e5 3. Nf3 Nc6 4. Nxe5 Nxe5 5. d4 Ng6 6. e5 Bb4 7. exf6 Qxf6 8.
Bc4 O-O 9. O-O Bxc3 10. bxc3 d6 11. Rb1 b6 12. Bd5 Rb8 13. Re1 Be6 14. Qh5 Bxd5
15. Qxd5 Rfe8 16. Bg5 Nf4 17. Bxf4 Qxf4 18. Qc6 Rec8 19. Re7 Qf5 20. Rbe1 h6
21. Rxc7 Rxc7 22. Qxc7 Rc8 23. Qxa7 Rxc3 24. Qxb6 Rxc2 25. Rf1 d5 26. a4 Ra2
27. a5 Qc8 28. Qb5 Qa8 29. Re1 Qxa5 30. Re8+ Kh7 31. Qd3+ g6 32. g4 Rd2 33. Qf3
Kg7 34. Re7 Qa1+ 35. Kg2 Qxd4 36. Qxf7+ 1-0

[Event "?"]
[Site "ICC 5 0 01/20/98, Internet Ch"]
[Date "1998.??.??"]
[Round "?"]
[White "Brause"]
[Black "brit"]
[Result "1-0"]
[WhiteElo "2545"]
[BlackElo "1940"]
[PlyCount "67"]

1. Nc3 Nc6 2. e4 e5 3. Nf3 Nf6 4. Nxe5 Nxe5 5. d4 Ng6 6. e5 Bb4 7. exf6 Qxf6 8.
Bc4 O-O 9. O-O Bxc3 10. bxc3 d6 11. Rb1 b6 12. Re1 Be6 13. Qd3 Bxc4 14. Qxc4 c5
15. Bd2 Rad8 16. Qa4 Nh4 17. Re4 Nxg2 18. Kxg2 Qg6+ 19. Kf3 f5 20. Rh4 f4 21.
Bxf4 Rf5 22. Rg4 Qh5 23. Kg3 Rdf8 24. Qxa7 R5f7 25. Qxb6 Qf5 26. Qxd6 Qxc2 27.
Rc1 Qd3+ 28. Kg2 Qe4+ 29. f3 Qe2+ 30. Kg3 cxd4 31. Qd5 d3 32. Rxg7+ Kxg7 33.
Qg5+ Kh8 34. Be5+ 1-0

[Event "?"]
[Site "ICC 5 0 01/20/98, Internet Ch"]
[Date "1998.??.??"]
[Round "?"]
[White "Brause"]
[Black "brit"]
[Result "1-0"]
[WhiteElo "2550"]
[BlackElo "1940"]
[PlyCount "69"]

1. Nc3 Nf6 2. e4 e5 3. Nf3 Nc6 4. Nxe5 Nxe5 5. d4 Ng6 6. e5 Bb4 7. exf6 Qxf6 8.
Bc4 O-O 9. O-O Bxc3 10. bxc3 c6 11. Be2 d5 12. c4 dxc4 13. Bxc4 Be6 14. Bxe6
Qxe6 15. Re1 Qc4 16. Rb1 b6 17. Rb3 Rad8 18. c3 Rfe8 19. Ra3 a5 20. Be3 Re6 21.
Qb1 b5 22. Qb3 Qxb3 23. axb3 Nf4 24. Rxa5 Nd5 25. Bd2 Rxe1+ 26. Bxe1 Re8 27.
Kf1 g6 28. Ra6 Re6 29. c4 bxc4 30. bxc4 Nf4 31. Bd2 Nd3 32. Ra3 Nb2 33. Bc3
Nxc4 34. Ra8+ Kg7 35. d5+ 1-0